Optimalizácia hospodárenia poľnohospodárskych podnikov (učebné texty - 2. prepracované vydanie)
Salvato in:
| Natura: | Libro |
|---|---|
| Lingua: | slovacco |
| Pubblicazione: |
Nitra
Agroinštitút Nitra
2013
|
| Edizione: | 2. prepracované vydanie |
| Soggetti: | |
| Tags: |
Nessun Tag, puoi essere il primo ad aggiungerne!!
|
MARC
| LEADER | 00000nlm a2200000 4500 | ||
|---|---|---|---|
| 001 | 0200419 | ||
| 005 | 20240109074259.0 | ||
| 020 | |a 978-80-7139-156-2 | ||
| 041 | 0 | |a slo | |
| 044 | |a SK | ||
| 245 | 1 | 0 | |a Optimalizácia hospodárenia poľnohospodárskych podnikov |b (učebné texty - 2. prepracované vydanie) |c Alžbeta Foltínová, Elena Moravčíková, Emília Škorecová, Marek Dvořák |
| 250 | |a 2. prepracované vydanie | ||
| 264 | 1 | |a Nitra |b Agroinštitút Nitra |c 2013 | |
| 300 | |a CD-ROM [120 s.] | ||
| 610 | 2 | 0 | |a hospodárenie podnikové |
| 610 | 2 | 0 | |a podnik poľnohospodársky |
| 610 | 2 | 0 | |a optimalizácia |